000 00256nam a2200097Ia 4500
005 20251222114353.0
008 251222s1900||||xx |||||||||||||| ||spa||
082 _aDVD0097/N53/1985
245 0 _aFilm before film:La película antes de la película
942 _cDVD
999 _c1319
_d1319